दिल्ली सांख्यिकीय पुस्तिका, अर्थ एवं सांख्किीय निदेशालय (Record no. 1015668)
[ view plain ]
| 000 -LEADER | |
|---|---|
| fixed length control field | 00877nam a2200241Ia 4500 |
| 003 - CONTROL NUMBER IDENTIFIER | |
| control field | OSt |
| 005 - DATE AND TIME OF LATEST TRANSACTION | |
| control field | 20221005105402.0 |
| 008 - FIXED-LENGTH DATA ELEMENTS--GENERAL INFORMATION | |
| fixed length control field | 221004b |||||||| |||| 00| 0 hin d |
| 037 ## - SOURCE OF ACQUISITION | |
| Terms of availability | Textual |
| 040 ## - CATALOGING SOURCE | |
| Original cataloging agency | CRL |
| Transcribing agency | CRL |
| Language of cataloging | hin |
| 041 ## - LANGUAGE CODE | |
| Source of code | hin |
| Language code of text/sound track or separate title | hin |
| 245 #0 - TITLE STATEMENT | |
| Title | दिल्ली सांख्यिकीय पुस्तिका, अर्थ एवं सांख्किीय निदेशालय |
| 246 ## - VARYING FORM OF TITLE | |
| Title proper/short title | Dillī sāankhyikīya pustikā, artha evan sāankhkiīya nideshālaya |
| 260 ## - PUBLICATION, DISTRIBUTION, ETC. | |
| Place of publication, distribution, etc. | नई दिल्ली |
| Name of publisher, distributor, etc. | दिल्ल्ी सरकार भारत |
| Date of publication, distribution, etc. | 2011 |
| 300 ## - PHYSICAL DESCRIPTION | |
| Extent | 370पृ0 |
| Dimensions | cm. |
| 650 ## - SUBJECT ADDED ENTRY--TOPICAL TERM | |
| Topical term or geographic name entry element | अर्थशास्त्र |
| 942 ## - ADDED ENTRY ELEMENTS (KOHA) | |
| Classification part | Xs281.P11, 152Q1 |
| Koha item type | Textual |
| Source of classification or shelving scheme | |
| Withdrawn status | Lost status | Damaged status | Not for loan | Home library | Current library | Date acquired | Total Checkouts | Full call number | Barcode | Date last seen | Price effective from | Koha item type |
|---|---|---|---|---|---|---|---|---|---|---|---|---|
| Central Library | Central Library | 2022-10-05 | Xs281.P11 152Q1 | CL1513971 | 2022-10-05 | 2022-10-05 | Textual |
